Statistics for Ohio Groups of Things

Click here to take the quiz!

General Stats

  • This quiz has been taken 316 times
  • The average score is 29 of 43

Answer Stats

Largest Cities% Correct
Cincinnati
96%
Cleveland
96%
Columbus
94%
Indiana
94%
Kentucky
90%
Pennsylvania
90%
Browns
89%
Michigan
89%
Akron
85%
Akron
85%
Bengals
85%
Cincinnati
85%
Reds
85%
Indians
83%
West Virginia
83%
Dayton
80%
Dayton
80%
Toledo
80%
Toledo
80%
Ohio
79%
Cedar Point
75%
Cavaliers
74%
Ohio State
72%
Bob Taft
62%
Kings Island
62%
William Howard Taft
62%
Blue Jackets
60%
Ulysses S. Grant
60%
Benjamin Harrison
57%
William Henry Harrison
57%
William McKinley
57%
James A. Garfield
55%
Miami
50%
Bowling Green
49%
John Kasich
48%
Warren G. Harding
48%
Kent State
47%
Rutherford B. Hayes
46%
Xavier
43%
Cleveland State
40%
Youngstown State
38%
Wright State
31%
Ted Strickland
19%

Score Distribution

Percentile by Number Answered

Percent of People with Each Score

Your Score History

You have not taken this quiz